Normal view
MARC view
Entry Topical Term
001 - CONTROL NUMBER
- control field: 22011
003 - CONTROL NUMBER IDENTIFIER
- control field: ARRUPE
005 - DATE AND TIME OF LATEST TRANSACTION
- control field: 20160204153929.0
008 - FIXED-LENGTH DATA ELEMENTS
- fixed length control field: 160204|| aca||aabn | a|a d
040 ## - CATALOGING SOURCE
- Original cataloging agency: ARRUPE
- Transcribing agency: ARRUPE
150 ## - HEADING--TOPICAL TERM
- Topical term or geographic name as entry element:
- Topical term following geographic name as entry element: Bible NT - Interlinear translations, English
670 ## - SOURCE DATA FOUND
- Source citation: Work cat.: (ARRUPE)9700: Wyndham, Richard 22010, The gentle savage: